|
|
|
|
| LEADER |
01252nam a2200277 a 4500 |
| 001 |
GR-Patra7747 |
| 008 |
991022s gr 000 0 gre d |
| 020 |
|
|
|a 960851200X
|
| 040 |
|
|
|a GrPaTEI
|b gre
|c GR-PaULI
|
| 245 |
0 |
0 |
|a Φίλιππος Μαργαρίτης :
|b хο иπρώτος Ελληνας φωτογράφος.
|
| 260 |
|
|
|a Αθήνα :
|b Περιοδικό Φωτογράφος,
|c c1990
|
| 300 |
|
|
|a 64σ., φωτ.
|
| 490 |
1 |
|
|a Ελληνική κοινωνία και φωτογραφία
|
| 650 |
|
4 |
|a Ελλάδα
|
| 650 |
|
4 |
|a ΜΑΡΓΑΡΙΤΗΣ ΦΙΛΙΠΠΟΣ
|
| 650 |
|
4 |
|a ΦΩΤΟΓΡΑΦΙΚΟ ΛΕΥΚΩΜΑ
|
| 650 |
|
4 |
|a ΦΩΤΟΓΡΑΦΟΙ
|
| 650 |
|
4 |
|a Φωτογράφοι, Έλληνες
|
| 700 |
1 |
|
|a Μαργαρίτης, Φίλιππος
|
| 700 |
1 |
|
|a Ξανθάκης, Αλκης
|
| 710 |
0 |
|
|a Περιοδικό Φωτογράφος
|
| 830 |
|
0 |
|1 00111989
|1 2001
|a Ελληνική κοινωνία και φωτογραφία
|
| 942 |
|
|
|2 ddc
|
| 952 |
|
|
|0 0
|1 0
|2 ddc
|4 0
|6 770_920000000000000_ΜΑΡ
|7 0
|9 288780
|a LISK
|b LISK
|c BSC
|d 2021-01-17
|e 24
|f 0
|g 0.00
|l 0
|o 770.92 ΜΑΡ
|p 9241007544
|r 2021-01-17 00:00:00
|t 1
|w 2021-01-17
|y BK15
|x 19991024 0 1
|x GrPaTEI
|
| 971 |
|
|
|a .b26552620
|b 16-04-20
|c 23-09-16
|
| 999 |
|
|
|c 168483
|d 168483
|